| 000 | 00558nam a2200169 4500 | ||
|---|---|---|---|
| 008 | 0 1988 0a 000 0USA | ||
| 020 | _a0-394-39190-X | ||
| 050 | _aQA76 5 M488 | ||
| 082 | _a001.64 M352c | ||
| 100 | _aMedley, Donald B. | ||
| 245 | _aComputer Operations / Donald B. Medley, Jerry Ñ- Koory | ||
| 260 | _aUnited States of America : Mitchell Publishing | ||
| 300 | _axxiii 327 p. / 28 cm. | ||
| 500 | _aIncluye prefacio, glosario, índice | ||
| 650 | _a1.COMPUTADORAS ELECTRICAS DIGITALES-PROGRAMACION | ||
| 700 | _aKoory, Jerry l. | ||
| 999 |
_c11921 _d11921 |
||